Les 20 pays avec le taux le plus élevé d'homicides - Statistiques

Statistiques générales
  • Ce quiz a été pris 252 fois
  • Le résultat moyen est 10 sur 20
Statistiques - réponses
Continent Taux pour 100 000 habitants Pays % Correct
Amérique 28 Mexique
91%
Amérique 22 Brésil
90%
Amérique 27 Colombie
88%
Amérique 19 Venezuela
78%
Amérique 38 Honduras
71%
Amérique 20 Guatemala
67%
Amérique 18 Salvador
66%
Amérique 52 Jamaïque
60%
Afrique 42 Afrique du Sud
59%
Amérique 31 Belize
53%
Afrique 22 Nigeria
52%
Amérique 16 Guyana
46%
Amérique 31 Saint-Vincent-et-les-Grenadines
33%
Amérique 39 Sainte-Lucie
32%
Amérique 29 Trinité-et-Tobago
31%
Amérique 29 Bahamas
30%
Amérique 17 Antigua-et-Barbuda
28%
Afrique 38 Lesotho
20%
Afrique 20 République centrafricaine
17%
Asie 28 Birmanie
11%
Aucun quiz correspondant
Distribution des résultats
% des personnes avec chaque résultat
Percentile par nombre de réponses
Votre historique - résultats
Vous n’avez pas pris ce quiz